000 00514nam a2200169 4500
020 _a0345021967
082 0 0 _a629.2222
_bALF
_cL-30, P-134
100 1 _aHull, Peter.
_944579
245 1 0 _aAlfa Romeo.
260 _a[New York,
_bBallantine Books,
_c1971]
300 _a157 p.
_billus., ports.
_c21 cm.
490 0 _aBallantine's illustrated history of the car. Marque book no. 2
526 _a0
_b0
_c0
_d629_222200000000000_ALF
650 0 _aAlfa Romeo automobile.
_944580
650 0 _aMCE
_9379
942 _2ddc
_cBK
999 _c548332
_d548332